Tennisti con il maggior numero di finali negli Slam - Statistics

Statistiche generali
  • Questo quiz è stato fatto 36 volte
  • Il punteggio medio è 10 su 12
Statistiche sulle risposte
Nazione Numero finali Tennista % Corretto
Serbia 36 Novak Djokovic
100%
Spagna 30 Rafael Nadal
100%
Svizzera 31 Roger Federer
100%
Stati Uniti 15 Andre Agassi
97%
Svezia 16 Björn Borg
94%
Stati Uniti 18 Pete Sampras
91%
Cecoslovacchia 19 Ivan Lendl
85%
Stati Uniti 11 John McEnroe
79%
Regno Unito 11 Andy Murray
76%
Stati Uniti 15 Jimmy Connors
67%
Svezia 11 Mats Wilander
61%
Svezia 11 Stefan Edberg
55%
Nessun quiz corrispondente trovato
Distribuzione punteggi
Percentuale di utenti per punteggio
Percentile per numero di risposta
I tuoi punteggi nel tempo
Non hai fatto questo quiz